Normal view
MARC view
- قانون - فلسفة - قانون مدني - الاردن
Entry Topical Term
001 - CONTROL NUMBER
- control field: 21319
003 - CONTROL NUMBER IDENTIFIER
- control field: JO-AjAnu
005 - DATE AND TIME OF LATEST TRANSACTION
- control field: 20230606073709.0
008 - FIXED-LENGTH DATA ELEMENTS
- fixed length control field: 230606|| aca||aabn | a|a d
040 ## - CATALOGING SOURCE
- Original cataloging agency: JO-AjAnu
- Transcribing agency: JO-AjAnu
150 ## - HEADING--TOPICAL TERM
- Topical term or geographic name entry element: قانون - فلسفة - قانون مدني - الاردن
670 ## - SOURCE DATA FOUND
- Source citation: Work cat.: (JO-AjAnu)10952: الزعبي ، خالد ؛ م.مشارك:منذر الفضل, author 21318, المدخل الى علم القانون =Introduction to the Science of Law Comparative Study